| 000 | 01277cam a22003617a 4500 | ||
|---|---|---|---|
| 003 | CHAP | ||
| 005 | 20220817041006.0 | ||
| 008 | 971013s1991 r 00010 d | ||
| 010 | _a4125 | ||
| 011 | _a5097 | ||
| 035 | _a4303 | ||
| 040 | _cCHAP | ||
| 090 | _aFolleto 13364 | ||
| 110 |
_aFideicomisos Instituídos en Relación con la Agricultura. México _940733 |
||
| 245 | 0 |
_aPrograma de perforación de pozos en el sur de Campeche _c/por Fideicomisos Instituídos en Relación con la Agricultura |
|
| 260 |
_aMorelia, Mich. : _bFideicomisos Instituidos en Relación con la Agricultura, _c1991. |
||
| 300 |
_a32 p. _b; ilus |
||
| 410 | _aFIRA | ||
| 490 | 0 |
_aBoletin informativo _v; XXIII (225) |
|
| 590 |
_aBATCH-UPD _b10 _c20130110 _lUCH01 _h0919 |
||
| 590 |
_aBATCH-UPD _b10 _c20130410 _lUCH01 _h0541 |
||
| 590 |
_aBATCH-UPD _b10 _c20130914 _lUCH01 _h0405 |
||
| 590 |
_aCONVERSION _b10 _c20130109 _lUCH01 _h1303 |
||
| 650 | 1 | 4 |
_aArroz _xCampeche. _97577 |
| 650 | 1 | 4 |
_aArroz _xIrrigación. _97627 |
| 650 | 1 | 4 |
_aPozos. _991207 |
| 810 |
_aFIRA _941029 |
||
| 830 | 0 |
_aBoletin informativo _v; XXIII (225) |
|
| 901 | _aBK | ||
| 942 | _cFOLL | ||
| 949 |
_aFolleto 13364 _bBC _cFOLL _d-13839 _eTS1 _i4303 _mD _si |
||
| 949 |
_aFolleto 13364 _bBC _cFOLL _d4303 _eTS2 _fc.2 _gDonaciØn _i4303 _sb |
||
| 999 |
_c4125 _d4125 |
||